00385 2200157 4500001002100000005001500021035002000036245003800056100002000094300002600114260003100140082000800171084001400179020002200193990001200215INLIS00000000000171420250502103156 a0010-05250000061 aDangerous Nerd /cSiska Febrianti0 aSiska Febrianti a240 hlm ;c14 x 20 cm aJakarta :bLoveable,c2021 a813 a813 SIS d a978-623-310-016-8 a0754623